Normal view MARC view
  • Mininmg

Entry Topical Term

Number of records used in: 1

001 - CONTROL NUMBER

  • control field: 4873

003 - CONTROL NUMBER IDENTIFIER

  • control field: OSt

005 - DATE AND TIME OF LATEST TRANSACTION

  • control field: 20181006115846.0

008 - FIXED-LENGTH DATA ELEMENTS

  • fixed length control field: 181006|| aca||aabn | a|a d

040 ## - CATALOGING SOURCE

  • Original cataloging agency: OSt
  • Transcribing agency: OSt

150 ## - HEADING--TOPICAL TERM

  • Topical term or geographic name as entry element: Mininmg

670 ## - SOURCE DATA FOUND

  • Source citation: Work cat.: (OSt): Mukherjee,S.N 3783, Longwall Machinery and Mechanisation, 1993